Visualizzazione normale
Vista MARC
- Livia M., Saccone L., Bruni L., Belletti F
di Personal Name
Records bibliografici associati: 1
001 - CONTROL NUMBER
- control field: 61202
003 - CONTROL NUMBER IDENTIFIER
- control field:
005 - DATE AND TIME OF LATEST TRANSACTION
- control field: 20241216111737.0
008 - FIXED-LENGTH DATA ELEMENTS
- fixed length control field: 241216|| aca||aabn | a|a d
040 ## - CATALOGING SOURCE
- Original cataloging agency:
- Transcribing agency:
100 ## - HEADING--PERSONAL NAME
- Personal name: Livia M., Saccone L., Bruni L., Belletti F
670 ## - SOURCE DATA FOUND
- Source citation: Work cat.: ()205844: Rebuzzini Lorenza (et al.) 61174, Donare memoria., 2015